| 000 | 00385nam a2200121Ia 4500 | ||
|---|---|---|---|
| 008 | 220615s9999||||xx |||||||||||||| ||und|| | ||
| 245 | 0 | _aPhysics and Technology of Silicon Carbide Devices | |
| 546 | _aEnglish[eng] | ||
| 650 | _aSolid state chemistry | ||
| 700 | _aHijikata, Yasuto | ||
| 856 | _uhttps://mts.intechopen.com/storage/books/3129/authors_book/authors_book.pdf | ||
| 942 | _cEB | ||
| 999 |
_c15989 _d15989 |
||